Lengua castellana y comunicación 1§ medio: guía para el profesor
Tallennettuna:
| Päätekijät: | , |
|---|---|
| Aineistotyyppi: | Kirja |
| Kieli: | espanja |
| Julkaistu: |
Santiago
Arrayán
2000
|
| Painos: | 3a. ed |
| Sarja: | Sector: Lenguaje y Comunicación
|
| Aiheet: | |
| Tagit: |
Lisää tagi
Ei tageja, Lisää ensimmäinen tagi!
|
MARC
| LEADER | 00000nam a2200000 a 4500 | ||
|---|---|---|---|
| 001 | UCL1876 | ||
| 003 | CL-VaPUC | ||
| 008 | 030926e20000000CL |||||||||||||||||spa|d | ||
| 020 | |a 9562402681 | ||
| 082 | 0 | 4 | |a 407.12 |b ORT |2 21 |
| 100 | |a Ortúzar Meza, Carmen |e autora |9 544982 | ||
| 700 | 0 | |a Rodríguez Aguirrezábal, Ignacio J |e author |9 478770 | |
| 245 | 1 | 0 | |a Lengua castellana y comunicación 1§ medio: guía para el profesor |
| 250 | |a 3a. ed | ||
| 300 | |a 300 p | ||
| 942 | |c BK | ||
| 945 | |d 20030926 00:00:00 |a cmena | ||
| 260 | |a Santiago |b Arrayán |c 2000 | ||
| 650 | 0 | |a Educación lingüística |9 306506 | |
| 650 | 0 | |a Libros de texto |9 270019 | |
| 650 | 0 | |a Métodos de enseñanza |9 270413 | |
| 583 | |a last modification |c 20160617 12:04:39 |k Rodrigo Vera | ||
| 490 | 0 | |a Sector: Lenguaje y Comunicación | |
| 999 | |c 305315 |d 305313 | ||
| 952 | |0 0 |1 0 |4 0 |6 407_120000000000000_ORT_2000 |7 0 |8 P |9 368584 |a BIBEDU |b BIBEDU |d 2019-11-21 |i 4054431 |o 407.12 ORT 2000 |p 4054431 |r 2019-11-21 |w 2019-11-21 |y BK |k LIT | ||